00630nam a2200169Ia 450000500170000000800410001702000180005808200130007610000140008924501100010326000490021330000130026250000660027594200060034195200980034799900150044520250703021054.0240331s9999 xx 000 0 und d a9789551772123 bPRAa909 aJayils,W  0aPrahara hamuwe streewadeen yuda kalapa haraha huwamaru :bfeminists under fire exchanges across war zones aColombobSocial Scientists Associationc2008 a305 p ., aA book on Feminists under attack - Exchanges across war Zones cL 001040708LaWERCLbWERCLcSSCd2024-03-31l0o 909.66 PRAp6207r2024-03-31w2024-03-31yL c5283d5283